000 00852nam a22002657a 4500
001 BR7000843
003 BR-BrBNA
005 20230928083619.0
007 ta
008 230509b bl.||||| |||| 00| 0 por d
040 _aBR-BrBNA
_bpor
_cBiblioteca Nacional de Agricultura
041 _a(Por)
072 _aE30; D10
_b/G514
090 _ E30 BR7000843
110 1 _aCoordenadoria de Assistencia Tecnica Integral, Campinas, SP (Brasil). Centro de Treinamento em Assistencia Tecnica
_92965
245 1 _aEstrutura funcional da Coordenadoria de Assistencia Tecnica Integral [Campinas, Sao Paulo, Brasil]
260 3 _aCampinas, SP (Brasil):
_c1970.
300 _a11 p.
650 _aASSISTENCIA TECNICA
650 _aADMINISTRACAO PUBLICA
650 _aCAMPINAS
650 _aSAO PAULO
909 _a202309
_bLucia
_c55
_dLucia Elande
942 _cBK
999 _c14480
_d14480